000 00471nam a22001577a 4500
005 20251108164223.0
008 250721s9999 xx 000 0 ara d
082 1 4 _a841/عبد
100 1 _aزاهر، عبد الهادي
245 1 0 _aصلة الموشحات و الأزجال بشعر التروبادور /
264 1 _aالقاهرة :
_bمكتبة الشباب،
300 _a147 ص
650 1 7 _aالشعر الفرنسي
942 _2ddc
_cBK
999 _c6704
_d6704